00675nam a2200205 i 4500001000300000003000400003005001700007008003900024020002300063020002300086040000800109080000800117080000900125245008200134260004800216300005600264655002500320700002600345856009800371bgBPK20221223124512.0 s2002 pl a g |000 0 pol a8301137355 (t. 11) a8301133570 (30 t.) cBPK a0/9 a(03)00aWielka encyklopedia PWN.n1,pGunadhja-iglaste /c[red. nacz. Jan Wojnowski]. aWarszawa :bWydaw. Naukowe PWN,ccop. 2002. a576 s. :bil. (w tym kolor.), mapy kolor. ;c30 cm. 4aEncyklopedie polskie1 aWojnowski, Jan.eRed. uhttp://koha.tu.koszalin.pl/cgi-bin/koha/opac-detail.pl?biblionumber=42036yKatalog online BPK